000 02919cam a22004815i 4500
001 18350976
003 NUST
005 20220306104356.0
008 141028r20132013nyu 000 1 eng d
010 _a 2014430079
020 _a9780802121622 (cloth)
020 _a0802121624 (cloth)
020 _z9780802193056 (ebook)
035 _a(OCoLC)ocn828768803
038 _awaseem
040 _aYDXCP
_cYDXCP
_erda
_dBTCTA
_dBDX
_dB@L
_dOCLCO
_dCGP
_dABG
_dIK2
_dFLWMD
_dJP3
_dUPZ
_dEEK
_dIGP
_dOCLCF
_dOCLCO
_dDLC
042 _alccopycat
050 0 0 _aPR6104.A56
_bJ87 2013b
082 0 4 _a823.92
_bDAL
100 1 _aDaly, Paula.,
_eauthor.
_990301
245 1 0 _aJust what kind of mother are you? /
_cPaula Daly.
264 1 _aGreat Britain :
_bBantam Books,
_c2013.
300 _a313 pages ;
_c21 cm.
500 _aOriginally published: Great Britain : Bantam Press, 2013.
520 _aLisa Kallisto is one of those overworked, overscheduled mothers who never secures enough sleep at night. After getting her three kids off to school, working all day as the manager of a charitable animal shelter and taking care of her household, she's lucky to get a few minutes to herself. So when her daughter's friend Lucinda turns up missing after she was supposed to spend the night at Lisa's home, Lisa is full of blame and self-loathing. And she's not the only one who finds herself at fault: Most of Lucinda's family, the police and even her own husband, Joe, think Lisa should have paid more attention to what the two young teens were doing. Now, it looks like the kidnapper, who has already abducted one other girl, is at it again, and Lisa is trying to put the pieces together. So is Joanne Aspinall, an investigator with the local police in the small English town where both Lisa's and Lucinda's families live, and Joanne's finding that things are growing more and more curious as the pieces to the puzzle refuse to fit together --
_cSource other than Library of Congress.
563 _aPBK.
650 0 _aKidnapping
_vFiction.
_990302
650 0 _aGuilt
_vFiction.
_990303
650 0 _aTeenagers
_vFiction.
_990304
650 0 _aMothers
_vFiction.
_990305
650 7 _aGuilt.
_2fast
_0(OCoLC)fst00949079
_990306
650 7 _aKidnapping.
_2fast
_0(OCoLC)fst00987322
_990307
650 7 _aMothers.
_2fast
_0(OCoLC)fst01026940
_990308
650 7 _aTeenagers.
_2fast
_0(OCoLC)fst01145551
_990309
655 7 _aFiction.
_2fast
_0(OCoLC)fst01423787
_990310
655 7 _aSuspense fiction.
_2gsafd
_990311
655 7 _aMystery fiction.
_2gsafd
_990312
856 4 2 _3Contributor biographical information
_uhttp://www.loc.gov/catdir/enhancements/fy1507/2014430079-b.html
856 4 2 _3Publisher description
_uhttp://www.loc.gov/catdir/enhancements/fy1507/2014430079-d.html
906 _a7
_bcbc
_ccopycat
_d2
_encip
_f20
_gy-gencatlg
942 _2ddc
_cBK
999 _c588598
_d588598